000 00858nam a2200217 a 4500
001 72991
003 BD-RjUL
005 20211209082333.0
008 170527s1981 ii |||| |||| 000 0 ben d
035 _a(BD-RjUL)73209
040 _aBD-RjUL
_bben
_cBD-RjUL
_dBD-RjUL
041 _aben
082 _223
_a370.1
_bFRO 1981
245 1 0 _aফ্রয়বেলের শিক্ষার মূলনীতি /
_cবসু, ক্ষণিকা
260 _aকলিকাতা :
_bপশ্চিমবঙ্গ রাজ্য পুস্তক পর্ষদ,
_c১৯৮১
300 _a১৩৫ পৃ. ;
_c২৫ সেমি.
650 _aশিক্ষা দর্শন এবং তত্ত্ব
_9215866
650 _aEducation philosophy and theory
_9215867
700 _aবসু, ক্ষণিকা
_9215868
942 _2ddc
_cBK
999 _c72991
_d72991